[Event "World Cup of Rapid Chess 1/2 Final"]
[Site "Cannes FRA"]
[Date "2001.03.24"]
[Round "1.1"]
[White "Grischuk,A"]
[Black "Kasparov,G"]
[Result "1/2-1/2"]
[WhiteElo "2663"]
[BlackElo "2849"]

1.e4 c5 2.Nf3 d6 3.d4 cxd4 4.Nxd4 Nf6 5.Nc3 a6 6.f3 Qb6 7.g4 Nc6 8.Nb3 e6
9.Qe2 Qc7 10.Be3 b5 11.O-O-O Bb7 12.h4 Rc8 13.g5 Nd7 14.Qf2 Nce5 15.a3 Qd8
16.Bd4 Nc6 17.Be3 Nce5 18.Bd4 Nc6 19.Be3 Nce5 20.Bd4  1/2-1/2

[Event "World Cup of Rapid Chess Final"]
[Site "Cannes FRA"]
[Date "2001.03.25"]
[Round "1.1"]
[White "Bareev,E"]
[Black "Kasparov,G"]
[Result "1/2-1/2"]
[WhiteElo "2709"]
[BlackElo "2849"]

1.Nf3 Nf6 2.c4 c5 3.Nc3 d5 4.cxd5 Nxd5 5.e3 Nxc3 6.bxc3 g6 7.Bb5+ Bd7 8.a4 Bg7
9.O-O O-O 10.Ba3 b6 11.d4 a6 12.Be2 Nc6 13.Qc2 Qc7 14.dxc5 bxc5 15.Bxc5 Qa5
16.Ba3 Qxc3 17.Qxc3 Bxc3 18.Rab1 Rfb8 19.Rxb8+ Rxb8 20.Bxa6 Nb4 21.Bc4 Bxa4
22.Rc1 Bf6 23.Rb1 Nc6  1/2-1/2

[Event "Simul"]
[Site "Torshavn FAI"]
[Date "2001.06.10"]
[Round "1"]
[White "Kasparov,G"]
[Black "Simonsen,O"]
[Result "1-0"]
[WhiteElo "2827"]
[BlackElo "2195"]

1.Nf3 Nc6 2.c4 e5 3.Nc3 Nf6 4.g3 Be7 5.Bg2 O-O 6.O-O Re8 7.d4 d6 8.d5 Na5
9.Nd2 b6 10.b4 Nb7 11.a3 Nd7 12.e4 Bg5 13.Bb2 g6 14.Nb3 f5 15.exf5 gxf5 16.Qc2 Nf6
17.Rae1 Bh6 18.f4 Bg7 19.Bc1 e4 20.Bb2 Qe7 21.Nd4 h5 22.Nd1 Qf7 23.Bc3 Qg6
24.Ne3 Nd8 25.Bh3 Ng4 26.Bxg4 hxg4 27.Nb5 Re7 28.Bxg7 Rxg7 29.Nd4 a5 30.Qb2 Nf7
31.Rf2 Kh7 32.Nc6 axb4 33.axb4 Nh6 34.Ref1 Ra7 35.Ra1 Rxa1+ 36.Qxa1 Ng8 37.Ra2 Nf6
38.Ra8 Bb7 39.Rf8 Rf7 40.Rxf7+ Qxf7 41.Nd8  1-0

[Event "Simul"]
[Site "Torshavn FAI"]
[Date "2001.06.10"]
[Round "1"]
[White "Kasparov,G"]
[Black "Nolsoe,E"]
[Result "1-0"]
[WhiteElo "2827"]
[BlackElo "2211"]

1.d4 Nf6 2.c4 e6 3.Nc3 Bb4 4.Qc2 O-O 5.a3 Bxc3+ 6.Qxc3 d5 7.Nf3 Nbd7 8.e3 c5
9.b3 b6 10.Bb2 Bb7 11.Be2 Rc8 12.O-O Qc7 13.Rac1 Qb8 14.Rfd1 Rfd8 15.Ba1 cxd4
16.Nxd4 dxc4 17.bxc4 Nc5 18.f3 Rd7 19.Nb3 Rxd1+ 20.Rxd1 Nxb3 21.Qxb3 Rd8
22.Be5 Rxd1+ 23.Qxd1 Qc8 24.Qd6 Nd7 25.Bd4 Qc6 26.Qe7 Nf8 27.c5 b5 28.Bd3 Ng6
29.Qd8+ Nf8 30.Be4 Qc8 31.Qxc8 Bxc8 32.Ba8 a5 33.c6 b4 34.axb4 axb4 35.Kf2 b3
36.Ke1 f6 37.Bb7 Bxb7 38.cxb7 Nd7 39.Kd1  1-0

[Event "Simul"]
[Site "Torshavn FAI"]
[Date "2001.06.10"]
[Round "1"]
[White "Kasparov,G"]
[Black "Nolsoe,E"]
[Result "1-0"]
[WhiteElo "2827"]
[BlackElo "2211"]

1.d4 Nf6 2.c4 e6 3.Nc3 Bb4 4.a3 O-O 5.Qc2 Bxc3+ 6.Qxc3 d5 7.Nf3 Nbd7 8.e3 c5
9.b3 b6 10.Bb2 Bb7 11.Be2 Rc8 12.O-O Qc7 13.Rac1 Qb8 14.Rfd1 Rfd8 15.Ba1 cxd4
16.Nxd4 dxc4 17.bxc4 Nc5 18.f3 Rxd4 19.Rb1 Rxd1+ 20.Rxd1 Nb3 21.Qxb3 Rd8
22.Be5 Rxd1+ 23.Qxd1 Qc8 24.Qd6 Nd7 25.Bd4 Nf8 26.Qe7 Qc6 27.c5 b5 28.Bd3 Ng6
29.Qd8+ Nf8 30.Bc2 Qc8 31.Bb1 Be4 32.Qxc8 Bb7 33.Be4 Bxc8 34.Ba8 a5 35.c6 b4
36.axb4 axb4 37.Kf2 b3 38.Ke1 f6 39.Bb7 Bxb7 40.cxb7 Nd7 41.Kd1  1-0

[Event "Blitz Match"]
[Site "Patras GRE"]
[Date "2001.07.23"]
[Round "1"]
[White "Kasparov,G"]
[Black "Banikas,H"]
[Result "1/2-1/2"]
[WhiteElo "2838"]
[BlackElo "2531"]

1.e4 c5 2.Nf3 Nc6 3.Bb5 d6 4.O-O Bd7 5.Re1 Nf6 6.h3 Ne5 7.Nxe5 Bxb5 8.Nc3 dxe5
9.Nxb5 Qd7 10.a4 g6 11.d3 Bg7 12.Be3 b6 13.Na3 O-O 14.Nc4 Nh5 15.Qd2 Qc7
16.g3 Rad8 17.Qe2 Nf6 18.Reb1 a5 19.Kg2 Nd7 20.h4 h5 21.f3 Nb8 22.c3 Nc6
23.Rd1 Rd7 24.Rd2 Rfd8 25.g4 hxg4 26.fxg4 Rf8 27.Rf1 Nd8 28.h5 Ne6 29.g5 Nf4+
30.Bxf4 exf4 31.Qg4 gxh5 32.Qxh5 Qc6 33.Rxf4 Qe6 34.Ne3 Rfd8 35.Nd5 Rxd5
36.exd5 Rxd5 37.Qg4 Qg6 38.Qc8+ Bf8 39.Qh3 Rxg5+ 40.Kf1 Bh6 41.Rh2 Rg3 42.Qxh6 Qxd3+
43.Re2 Qd1+ 44.Re1 Qd3+ 45.Kf2 Rg6 46.Re2 Qd5 47.Qh3 Qd8 48.Rh4  1/2-1/2

[Event "EUR-ASIA Rapid Match"]
[Site "Batumi GEO"]
[Date "2001.09.18"]
[Round "5"]
[White "Adianto,U"]
[Black "Kasparov,G"]
[Result "0-1"]
[WhiteElo "2598"]
[BlackElo "2838"]

1.d4 Nf6 2.Nf3 g6 3.g3 Bg7 4.Bg2 d5 5.O-O O-O 6.c4 dxc4 7.Na3 c3 8.bxc3 c5
9.e3 Nc6 10.Qe2 Bf5 11.Bb2 e5 12.Nc4 e4 13.Nfe5 Nxe5 14.Nxe5 h5 15.Qb5 Qc7
16.Rfd1 Rfc8 17.c4 Ne8 18.h3 Nd6 19.Qxc5 Qxc5 20.dxc5 Rxc5 21.Rxd6 Bxe5 22.Bxe5 Rxe5
23.Rad1 Ra5 24.R1d2 Rc8 25.R6d4 Be6 26.Bxe4 Rxc4 27.Rd8+ Kg7 28.Bxb7 Rc1+
29.Kg2 Rxa2 30.Rxa2 Bxa2 31.e4 a5 32.Bd5 Rd1 33.Rd7 Bxd5 34.exd5 Kf6 35.f4 Rd3
36.h4 a4 37.Ra7 a3 38.Kf2 Kf5 39.Rxf7+ Ke4 40.Rf6 a2 41.Re6+ Kxd5 42.Ra6 Rd2+
43.Ke3 Rg2 44.Kf3 Rc2 45.f5 gxf5 46.Kf4 Rf2+ 47.Kg5 Ke5 48.Kxh5 Rg2 49.Ra4 Kd5
50.Ra5+ Kc4 51.Kg6 Kb4 52.Ra8 Rxg3+ 53.Kxf5 Ra3 54.Rb8+ Kc5 55.Rc8+ Kd6 56.Rc1 a1=Q
57.Rxa1 Rxa1 58.Kg6 Rg1+ 59.Kh6 Ke6 60.h5 Kf6 61.Kh7 Rh1 62.h6 Kf7  0-1

[Event "EUR-ASIA Rapid Match"]
[Site "Batumi GEO"]
[Date "2001.09.18"]
[Round "6"]
[White "Kasparov,G"]
[Black "Adianto,U"]
[Result "1/2-1/2"]
[WhiteElo "2838"]
[BlackElo "2598"]

1.d4 d5 2.c4 c6 3.Nf3 Nf6 4.Nc3 e6 5.Bg5 Nbd7 6.e3 Be7 7.Qc2 O-O 8.Rd1 h6
9.Bf4 b6 10.Be2 Bb7 11.O-O Nh5 12.Be5 f6 13.Bf4 Nxf4 14.exf4 f5 15.Rfe1 Bd6
16.Bd3 Re8 17.cxd5 cxd5 18.Bb5 a6 19.Bxd7 Qxd7 20.Ne5 Qc7 21.Rc1 Rac8 22.Qd2 Qe7
23.a3 b5 24.Na2 Rxc1 25.Rxc1 Rc8 26.Rxc8+ Bxc8 27.Nb4 Qc7 28.Nbd3 a5 29.g3 Bb7
30.b4 axb4 31.axb4 Bc8 32.Nc5 Qa7 33.Qb2 Kh7 34.h4 Qa8 35.Kh2 Qa7 36.Kg2 Qa8
37.Qe2 Qa1 38.Nf3 Bxc5 39.dxc5 d4 40.c6 Qc3 41.Qxb5 d3 42.Qc5 Qb2 43.Qd6 Qb3
44.Ne5 Ba6 45.b5 Qxb5 46.Qxe6 d2 47.Qxf5+ Kg8 48.Qf7+ Kh7 49.Qg6+ Kg8  1/2-1/2

[Event "EUR-ASIA Rapid Match"]
[Site "Batumi GEO"]
[Date "2001.09.18"]
[Round "7"]
[White "Kasparov,G"]
[Black "Vladimirov,E"]
[Result "1-0"]
[WhiteElo "2838"]
[BlackElo "2612"]

1.e4 e5 2.Nf3 Nc6 3.Bb5 a6 4.Ba4 Nf6 5.O-O Be7 6.Re1 b5 7.Bb3 O-O 8.a4 Bb7
9.d3 d6 10.Nbd2 Na5 11.Ba2 c5 12.Nf1 Re8 13.Ne3 g6 14.Bd2 b4 15.Ng5 Rf8 16.Ng4 Nxg4
17.Qxg4 Bc8 18.Qh4 h5 19.Qg3 Kg7 20.Bd5 Rb8 21.h4 Qd7 22.Qe3 Bb7 23.Nh7 Bxd5
24.Qh6+ Kg8 25.Bg5 Bxe4  1-0

[Event "EUR-ASIA Rapid Match"]
[Site "Batumi GEO"]
[Date "2001.09.18"]
[Round "8"]
[White "Vladimirov,E"]
[Black "Kasparov,G"]
[Result "0-1"]
[WhiteElo "2612"]
[BlackElo "2838"]

1.d4 Nf6 2.c4 e6 3.Nc3 Bb4 4.e3 O-O 5.Bd3 d5 6.Nf3 c5 7.O-O cxd4 8.exd4 dxc4
9.Bxc4 b6 10.Qe2 Bb7 11.Rd1 Bxc3 12.bxc3 Qc7 13.Bb2 Bxf3 14.Qxf3 Qxc4 15.Qxa8 Nc6
16.Qb7 Nd5 17.Re1 Rb8 18.Qd7 Rd8 19.Qb7 h5 20.Bc1 Na5 21.Qxa7 Qc6 22.Qa6 Nc4
23.Rb1 Nc7  0-1

[Event "EUR-ASIA Rapid Match"]
[Site "Batumi GEO"]
[Date "2001.09.19"]
[Round "10"]
[White "Kasparov,G"]
[Black "Ye Jiangchuan"]
[Result "1/2-1/2"]
[WhiteElo "2838"]
[BlackElo "2677"]

1.e4 c5 2.Nf3 e6 3.d4 cxd4 4.Nxd4 a6 5.Nc3 Qc7 6.Be2 b5 7.O-O Bb7 8.Re1 Nc6
9.Nxc6 dxc6 10.e5 Ne7 11.Bd3 Ng6 12.Qh5 c5 13.Bg5 Be7 14.Ne4 Bxe4 15.Bxe4 Rd8
16.Bxe7 Nxe7 17.Re3 Ng6 18.Bxg6 fxg6 19.Qg4 Qe7 20.Qf3 Qc7 21.a4 b4 22.c3 a5
23.Rc1 Qd7 24.cxb4 cxb4 25.Qg4 O-O  1/2-1/2

[Event "Eurotel Trophy Simul"]
[Site "Prague CZE"]
[Date "2001.10.18"]
[Round "1"]
[White "Kasparov,G"]
[Black "Movsesian,S"]
[Result "1-0"]
[WhiteElo "2838"]
[BlackElo "2631"]

1.e4 c5 2.Nf3 e6 3.d4 cxd4 4.Nxd4 a6 5.Nc3 Qc7 6.Bd3 Nc6 7.Nxc6 bxc6 8.O-O Nf6
9.Qe2 Bd6 10.f4 e5 11.Kh1 h6 12.Bd2 O-O 13.f5 Re8 14.Bc4 a5 15.Rf3 Bb4 16.Rg3 Kf8
17.Qe3 Ng8 18.f6 gxf6 19.Rf1 Bxc3 20.Rxg8+ Kxg8 21.Qg3+ Kf8 22.Rxf6 d5 23.Bxh6+ Ke7
24.Rxf7+ Kd6 25.Qg6+ Be6 26.Rxc7 Kxc7 27.exd5 cxd5 28.Bb5 Reb8 29.a4 Bd7
30.bxc3 Bxb5 31.axb5 Rxb5 32.h4 a4 33.Bg7 d4 34.Qf7+ Kb6 35.Qe6+ Kb7 36.Bxe5 Rxe5
37.Qxe5 a3 38.Qd5+ Kb8 39.cxd4 a2 40.Qb3+ Kc7 41.Qc3+ Kd7 42.Qa1 Kd6 43.c4  1-0

[Event "Eurotel Trophy Simul"]
[Site "Prague CZE"]
[Date "2001.10.20"]
[Round "2"]
[White "Kasparov,G"]
[Black "Hracek,Z"]
[Result "1/2-1/2"]
[WhiteElo "2838"]
[BlackElo "2610"]

1.c4 c5 2.Nf3 g6 3.d4 cxd4 4.Nxd4 Nc6 5.e4 Nf6 6.Nc3 d6 7.f3 Bg7 8.Be3 O-O
9.Be2 Nxd4 10.Bxd4 Be6 11.O-O Qa5 12.Kh1 Rfc8 13.b3 Nd7 14.f4 Bxd4 15.Qxd4 Qc5
16.Qd3 f6 17.Qg3 Rf8 18.Rad1 Rae8 19.h3 Qa5 20.Bg4 Bxg4 21.Qxg4 f5 22.Qf3 fxe4
23.Nxe4 Qxa2 24.Ra1 Qb2 25.Rxa7 Qd4 26.Rxb7 Ne5 27.Qe2 Nd3 28.f5 Rxf5 29.Rxf5 gxf5
30.Qh5 Ra8 31.Rxe7 Ra1+ 32.Kh2 Qg1+ 33.Kg3 Qe1+ 34.Kh2 Qg1+ 35.Kg3 Qe1+  1/2-1/2

[Event "Eurotel Trophy Simul"]
[Site "Prague CZE"]
[Date "2001.10.20"]
[Round "2"]
[White "Movsesian,S"]
[Black "Kasparov,G"]
[Result "1/2-1/2"]
[WhiteElo "2631"]
[BlackElo "2838"]

1.e4 c5 2.Nf3 d6 3.d4 cxd4 4.Nxd4 Nf6 5.Nc3 a6 6.g3 e5 7.Nb3 Nbd7 8.Bg2 b5
9.O-O Be7 10.Nd5 Nxd5 11.exd5 a5 12.a4 b4 13.Bd2 Bg5 14.f4 Bf6 15.c3 bxc3
16.Bxc3 O-O 17.Ra3 Qb6+ 18.Kh1 exf4 19.Nd4 Nc5 20.Rxf4 Be5 21.Rh4 Re8 22.Qf3 Ba6
23.h3 Bd3 24.Kh2 Bg6 25.Nf5 Bxc3 26.Rxc3 Rab8 27.b3 Nxb3 28.Rc6 Qa7 29.Rg4 Bxf5
30.Qxf5 g6 31.Rxd6 Nd2 32.h4 Re1 33.Kh3 Qg1 34.Qf4 Re2 35.Rdxg6+ hxg6 36.Rxg6+ fxg6  1/2-1/2

[Event "Botvinnik Mem Match"]
[Site "Moscow RUS"]
[Date "2001.12.01"]
[Round "1"]
[White "Kramnik,V"]
[Black "Kasparov,G"]
[Result "1/2-1/2"]
[WhiteElo "2809"]
[BlackElo "2838"]

1.d4 d5 2.c4 dxc4 3.Nf3 e6 4.e3 a6 5.Bxc4 c5 6.O-O Nf6 7.dxc5 Qxd1 8.Rxd1 Bxc5
9.Nbd2 O-O 10.Be2 Rd8 11.Ne5 Be7 12.b3 Nd5 13.Bb2 f6 14.Nd3 Nc6 15.e4 Nb6
16.e5 f5 17.Rac1 Bd7 18.Nf3  1/2-1/2

[Event "Botvinnik Mem Match"]
[Site "Moscow RUS"]
[Date "2001.12.02"]
[Round "2"]
[White "Kasparov,G"]
[Black "Kramnik,V"]
[Result "1/2-1/2"]
[WhiteElo "2838"]
[BlackElo "2809"]

1.e4 c5 2.Nf3 e6 3.d4 cxd4 4.Nxd4 a6 5.c4 Nf6 6.Nc3 Qc7 7.a3 d6 8.Be3 b6
9.Rc1 Nbd7 10.Be2 Bb7 11.f3 Be7 12.O-O O-O 13.Kh1 Rac8 14.b4 Qb8 15.Qd2 Bd8
16.Rc2 Re8 17.Na4 Bc7 18.Bg1 Rcd8 19.Rb1 Ba8 20.Qc1 h6 21.Nb2 Nf8 22.Nd3 Ng6
23.a4 Qc8 24.b5 a5 25.Nc6 Bxc6 26.bxc6 e5 27.Bxb6 Ne7 28.c5 d5 29.Bxc7 Qxc7
30.Rb7 Qxc6 31.Rb5 Ng6 32.exd5 Nxd5 33.Nf2 Ngf4 34.Bf1 Ne6 35.Rxa5 Qc7 36.Rb5 Nd4
37.Rc4 Nxb5 38.axb5 Rb8 39.b6 Nxb6 40.cxb6 Qxb6 41.Qe1 Rec8 42.Rxc8+ Rxc8
43.Ng4 Re8 44.Bd3 Qd4 45.Be4 f5 46.Bxf5 Ra8 47.Bb1 Qb2 48.h4 Ra1 49.Kh2 Qxb1
50.Qxe5 Qh1+ 51.Kg3 Qe1+ 52.Qxe1 Rxe1 53.Kf4 Re2 54.Ne3 g6 55.g4 Kf7 56.h5 g5+
57.Ke4 Ke6 58.f4 Rf2 59.Nd5 gxf4 60.Nxf4+ Kf6 61.Ke3 Ra2 62.Nd3 Ra3 63.Ke4 Ra1
64.Kf4 Ra4+ 65.Kf3 Ra3 66.Ke4 Rb3 67.Nc5 Rb4+ 68.Kf3 Rb5 69.Ne4+ Ke5 70.g5 Rb4
71.Nf2 Rf4+ 72.Kg3  1/2-1/2

[Event "Botvinnik Mem Match"]
[Site "Moscow RUS"]
[Date "2001.12.04"]
[Round "3"]
[White "Kramnik,V"]
[Black "Kasparov,G"]
[Result "1/2-1/2"]
[WhiteElo "2809"]
[BlackElo "2838"]

1.d4 Nf6 2.c4 e6 3.Nf3 d5 4.Nc3 Be7 5.Bg5 O-O 6.e3 h6 7.Bh4 b6 8.Qb3 Bb7
9.Bxf6 Bxf6 10.cxd5 exd5 11.Rd1 Re8 12.a3 c6 13.Bd3 Nd7 14.O-O g6 15.Bb1 Bg7
16.e4 Ba6 17.Rfe1 Bc4 18.Qc2 dxe4 19.Rxe4 Rxe4 20.Qxe4 Bb3 21.Bc2 Nf6  1/2-1/2

[Event "Botvinnik Mem Match"]
[Site "Moscow RUS"]
[Date "2001.12.05"]
[Round "4"]
[White "Kasparov,G"]
[Black "Kramnik,V"]
[Result "1/2-1/2"]
[WhiteElo "2838"]
[BlackElo "2809"]

1.e4 e5 2.Nf3 Nc6 3.Bb5 a6 4.Ba4 Nf6 5.O-O Nxe4 6.d4 b5 7.Bb3 d5 8.dxe5 Be6
9.Be3 Bc5 10.Qd3 O-O 11.Nc3 Nb4 12.Qe2 Nxc3 13.bxc3 Bxe3 14.Qxe3 Nc6 15.a4 Na5
16.axb5 axb5 17.Nd4 Qe8 18.f4 c5 19.Nxe6  1/2-1/2

[Event "Botvinnik Mem Rapid Match"]
[Site "Moscow RUS"]
[Date "2001.12.07"]
[Round "2"]
[White "Kasparov,G"]
[Black "Kramnik,V"]
[Result "1/2-1/2"]
[WhiteElo "2838"]
[BlackElo "2809"]

1.d4 Nf6 2.c4 e6 3.Nc3 Bb4 4.Qc2 d5 5.cxd5 Qxd5 6.e3 c5 7.Bd2 Bxc3 8.Bxc3 cxd4
9.Bxd4 Nc6 10.Bc3 O-O 11.Nf3 Rd8 12.Be2 Qe4 13.Qb3 Nd5 14.Bd2 Qg6 15.O-O e5
16.Rfd1 e4 17.Ne1 Qf5 18.Bc3 Rb8 19.g4 Qe6 20.Ng2 Nxc3 21.Rxd8+ Nxd8 22.Qxc3 Nc6
23.Rd1 Qe7 24.Nf4 Be6 25.b4 Qxb4 26.Qxb4 Nxb4 27.Nxe6 fxe6 28.Bc4 Kf7 29.Rd4 Nd3
30.Rxe4  1/2-1/2

[Event "Botvinnik Mem Rapid Match"]
[Site "Moscow RUS"]
[Date "2001.12.07"]
[Round "3"]
[White "Kramnik,V"]
[Black "Kasparov,G"]
[Result "1/2-1/2"]
[WhiteElo "2809"]
[BlackElo "2838"]

1.d4 d5 2.c4 c6 3.Nf3 Nf6 4.Nc3 a6 5.a4 e6 6.Bg5 Nbd7 7.a5 h6 8.Bxf6 Nxf6
9.c5 g6 10.Qc2 Bg7 11.e4 dxe4 12.Nxe4 Nxe4 13.Qxe4 Qd5 14.Qc2 e5 15.Bc4 Bf5
16.Qe2 Qe4 17.Nxe5 Bxe5 18.Qxe4 Bxe4 19.dxe5 Rd8 20.f3 Bd5 21.Rc1 Bxc4 22.Rxc4 Rd5
23.f4 Ke7 24.O-O Rhd8 25.h3 Rd4 26.Rfc1 Ke6 27.R1c3 g5 28.Rxd4 Rxd4 29.Rb3 Rxf4
30.Rxb7 Rc4 31.Rb6 Rxc5 32.Rxa6 Kxe5 33.b4 Rb5 34.Rxc6 Rxb4 35.Rxh6 Ra4 36.Ra6 Kf4
37.Rf6+ Ke5 38.Ra6 Kf4 39.Rf6+ Ke5 40.Rxf7 Rxa5 41.Kf2 Ra3 42.Rf3 Ra4 43.Kg3 Ke6
44.Rf8 Rb4 45.Kf3 Ra4 46.g4 Ra3+ 47.Kg2 Ra2+ 48.Kg3 Ra3+ 49.Rf3 Rxf3+ 50.Kxf3 Kf7
51.Ke3 Ke7 52.Kd3 Kd7 53.Ke2 Ke6 54.Kf3 Kf7 55.Ke3 Ke7 56.Kd3 Kd7 57.Kc3 Kc7
58.Kd2 Kd6 59.Ke3 Ke7 60.Kf2 Kf6 61.Kg3 Kg7 62.Kf3 Kf7  1/2-1/2

[Event "Botvinnik Mem Rapid Match"]
[Site "Moscow RUS"]
[Date "2001.12.08"]
[Round "4"]
[White "Kasparov,G"]
[Black "Kramnik,V"]
[Result "1/2-1/2"]
[WhiteElo "2838"]
[BlackElo "2809"]

1.c4 e6 2.Nc3 b6 3.Nf3 Bb7 4.g3 Bb4 5.Bg2 Bxc3 6.bxc3 Ne7 7.O-O O-O 8.d3 d6
9.e4 Nd7 10.Re1 e5 11.a4 a5 12.d4 Ng6 13.Ba3 Re8 14.Qc2 Nf6 15.Nd2 Qd7 16.f3 Ba6
17.Bf1 h6 18.Bd3 Nh7 19.Nf1 Ng5 20.Qd1 exd4 21.cxd4 f5 22.h4 fxe4 23.hxg5 exd3
24.Qxd3 Qf7 25.gxh6 Bxc4 26.Qc3 Bxf1 27.Rxf1 Re2 28.Rf2 Rae8 29.Raf1 R8e3
30.Qc1 Rxf2 31.Qxe3 Rc2 32.Bc1 Qa2 33.Rf2 Rxf2 34.Qxf2 Qxa4 35.Qe3 Qd1+ 36.Kf2 Qc2+
37.Ke1 Qh2 38.Qg5 Qh1+ 39.Kf2 Qh2+ 40.Ke1 Qh1+ 41.Kf2 Qh2+ 42.Ke1  1/2-1/2

[Event "Botvinnik Mem Rapid Match"]
[Site "Moscow RUS"]
[Date "2001.12.08"]
[Round "5"]
[White "Kramnik,V"]
[Black "Kasparov,G"]
[Result "1/2-1/2"]
[WhiteElo "2809"]
[BlackElo "2838"]

1.d4 d5 2.Nf3 e6 3.g3 c5 4.Bg2 cxd4 5.O-O Nf6 6.Nxd4 e5 7.Nb3 Be6 8.Bg5 Nbd7
9.e4 dxe4 10.Nc3 Be7 11.Nxe4 Nxe4 12.Bxe7 Qxe7 13.Bxe4 Nf6 14.Bg2 O-O 15.Re1 Qc7
16.Qe2 Nd7 17.c4 Rac8 18.Nd2 f5 19.b3 e4 20.Nf3 Nf6 21.Nd4 Bd7 22.Qe3 Ng4
23.Qf4 Ne5 24.Rad1 Rce8 25.Nc2 Bc6 26.Nb4 Qe7 27.Nxc6 bxc6 28.Qe3 Rd8 29.h3 h6
30.f4 exf3 31.Rxd8  1/2-1/2

[Event "Botvinnik Mem Blitz Match"]
[Site "Moscow RUS"]
[Date "2001.12.09"]
[Round "2"]
[White "Kasparov,G"]
[Black "Kramnik,V"]
[Result "1/2-1/2"]
[WhiteElo "2838"]
[BlackElo "2809"]

1.d4 Nf6 2.c4 e6 3.Nf3 b6 4.a3 Bb7 5.Nc3 d5 6.cxd5 exd5 7.g3 Be7 8.Bg2 O-O
9.O-O Na6 10.Qc2 Re8 11.Rd1 h6 12.Bf4 Bf8 13.Rac1 c6 14.Ne5 Nc7 15.e4 Ne6
16.Be3 Rc8 17.Qb3 dxe4 18.Nxe4 Nd5 19.Nc3 Nxe3 20.fxe3 Rc7 21.Rd3 g6 22.Rf1 Bg7
23.Rdd1 Qa8 24.Rd2 Bxe5 25.dxe5 Nc5 26.Qd1 Ba6 27.Rf4 Rce7 28.b4 Ne6 29.Ne4 Nxf4
30.Nf6+ Kg7 31.exf4 Rf8 32.Rd6 Qc8 33.Qa1 Re6 34.Bh3 Bc4 35.Bxe6 Bxe6 36.g4 Qc7
37.Qc3 c5 38.f5 gxf5 39.gxf5 Bxf5 40.e6 Kg6 41.Qg3+ Kxf6 42.exf7+ Kxf7 43.Rf6+ Kxf6
44.Qxc7 cxb4 45.axb4 Rf7 46.Qd6+ Kg7 47.Qe5+ Kg6  1/2-1/2

[Event "Botvinnik Mem Blitz Match"]
[Site "Moscow RUS"]
[Date "2001.12.09"]
[Round "3"]
[White "Kramnik,V"]
[Black "Kasparov,G"]
[Result "1/2-1/2"]
[WhiteElo "2809"]
[BlackElo "2838"]

1.d4 d5 2.c4 dxc4 3.Nf3 e6 4.e3 a6 5.Bxc4 c5 6.O-O Nf6 7.Bd3 cxd4 8.exd4 Be7
9.Nc3 b5 10.a4 bxa4 11.Qxa4+ Bd7 12.Qc2 Nc6 13.Rxa6 Nb4 14.Rxa8 Qxa8 15.Qe2 Nxd3
16.Qxd3 O-O 17.Ne5 Rd8 18.Nxd7 Rxd7 19.Be3 Qb8 20.Qe2 Rb7 21.Rb1 h6 22.h3 Rb4
23.Na2 Rb3 24.Nc1 Rb5 25.Nd3 Nd5 26.Rc1 Bf6 27.Rc5 Be7 28.Rc4 Ra5 29.Rc1 Ra8
30.Ne5 Bd6 31.Nc4 Bc7 32.Qd3 Qb5 33.Qc2 Nxe3 34.Nxe3 Bb6 35.Rd1 Rd8 36.Qc3 Qe2
37.Qc2 Qb5 38.Qc3 Qe2 39.Qc2 Qb5  1/2-1/2

[Event "Botvinnik Mem Blitz Match"]
[Site "Moscow RUS"]
[Date "2001.12.09"]
[Round "5"]
[White "Kramnik,V"]
[Black "Kasparov,G"]
[Result "1/2-1/2"]
[WhiteElo "2809"]
[BlackElo "2838"]

1.d4 d5 2.Nf3 Nf6 3.c4 dxc4 4.e3 e6 5.Bxc4 c5 6.O-O a6 7.dxc5 Bxc5 8.Qxd8+ Kxd8
9.Be2 Ke7 10.b3 Nbd7 11.Bb2 b6 12.Nbd2 Bb7 13.Rfd1 Rhc8 14.Ne1 Ke8 15.Nc4 Bd5
16.Bf3 b5 17.Nd2 Bf8 18.Be2 Ne4 19.Nxe4 Bxe4 20.f3 Bb7 21.Kf2 Nb6 22.e4 Nd7
23.Nd3 Rc2 24.Rac1 Rac8 25.Rxc2 Rxc2 26.Rc1 Rxc1 27.Bxc1 Nc5 28.Ke3 Nxd3
29.Kxd3 e5 30.Bd2 Bc6 31.b4 Bd7  1/2-1/2

[Event "FIDE GP"]
[Site "Moscow RUS"]
[Date "2002.06.03"]
[Round "3.1"]
[White "Kasparov,G"]
[Black "Grischuk,A"]
[Result "1/2-1/2"]
[WhiteElo "2838"]
[BlackElo "2702"]

1.e4 e5 2.Nf3 Nc6 3.Bb5 a6 4.Ba4 Nf6 5.O-O Be7 6.Re1 b5 7.Bb3 O-O 8.a4 b4
9.d3 d6 10.a5 Be6 11.Nbd2 Rb8 12.Nc4 Bg4 13.Be3 Nd7 14.h3 Bxf3 15.Qxf3 Bg5
16.Ba4 Bxe3 17.Qxe3 Nd4 18.c3 bxc3 19.bxc3 Nb5 20.d4 Qe7 21.Rad1 Rfd8 22.Qg3 Qe6
23.Ne3 g6 24.Nd5 c6 25.Bxb5 axb5 26.Nb4 Qc4 27.Qd3 Qxd3 28.Rxd3 exd4 29.cxd4 Rdc8
30.Rc1 c5 31.dxc5 dxc5 32.Rxd7 cxb4 33.Rxc8+ Rxc8 34.Rb7 Rc1+ 35.Kh2 Ra1
36.Rxb5 h5 37.f4 b3 38.f5 gxf5 39.exf5 h4  1/2-1/2

[Event "FIDE GP"]
[Site "Moscow RUS"]
[Date "2002.06.04"]
[Round "4.1"]
[White "Khalifman,A"]
[Black "Kasparov,G"]
[Result "1/2-1/2"]
[WhiteElo "2698"]
[BlackElo "2838"]

1.d4 d5 2.c4 c6 3.Nf3 Nf6 4.Nc3 a6 5.e3 b5 6.cxd5 cxd5 7.Ne5 e6 8.Bd2 Bd6
9.Rc1 O-O 10.Be2 Bb7 11.O-O Nfd7 12.Nd3 Qe7 13.b4 Nb6 14.Nc5 Nc4 15.a4 Bc6
16.Nxa6 Rxa6 17.axb5 Bxb5 18.Nxb5 Nxd2 19.Qxd2 Bxb4 20.Qb2 Bd6 21.Nxd6  1/2-1/2

[Event "FIDE GP"]
[Site "Moscow RUS"]
[Date "2002.06.04"]
[Round "4.3"]
[White "Khalifman,A"]
[Black "Kasparov,G"]
[Result "1/2-1/2"]
[WhiteElo "2698"]
[BlackElo "2838"]

1.d4 d5 2.c4 c6 3.Nf3 Nf6 4.e3 a6 5.Qc2 Bg4 6.Ne5 Bh5 7.Bd3 e6 8.Nd2 Nbd7
9.Ndf3 Nxe5 10.Nxe5 Nd7 11.Nxd7 Qxd7 12.O-O Bg6 13.b3 Be7 14.Bb2 O-O 15.e4 dxe4
16.Bxe4 Bf6 17.Rad1 Rfd8 18.Qe2 Bxe4 19.Qxe4 Qc7 20.Rd3 Rd7 21.Rfd1 Rad8
22.h3 g6 23.Bc1 Qa5 24.a4 Qf5 25.Qxf5 gxf5 26.Be3 b5 27.axb5 axb5 28.Kf1 bxc4
29.bxc4 h5 30.Ke2 Kh7 31.g3 Kg6 32.h4 Bg7 33.R3d2 Bf6  1/2-1/2

[Event "FIDE GP"]
[Site "Moscow RUS"]
[Date "2002.06.04"]
[Round "4.2"]
[White "Kasparov,G"]
[Black "Khalifman,A"]
[Result "1/2-1/2"]
[WhiteElo "2838"]
[BlackElo "2698"]

1.e4 e5 2.Nf3 Nc6 3.Bb5 Nd4 4.Nxd4 exd4 5.O-O c6 6.Bc4 d5 7.exd5 cxd5 8.Bb5+ Bd7
9.Re1+ Ne7 10.a4 a6 11.Bxd7+ Qxd7 12.d3 O-O-O 13.b4 Nf5 14.b5 a5 15.Bd2 b6
16.c3 Bc5 17.cxd4 Nxd4 18.Be3 Rhe8 19.Nd2 Kb7 20.Rc1 Re6 21.Rxc5 bxc5 22.Bxd4 cxd4
23.Nb3 Qc7 24.Rxe6 fxe6 25.Nxd4 Qc3 26.Nc6 Rc8 27.g3 Rxc6 28.bxc6+ Kxc6 29.d4 e5
30.dxe5 Qxe5 31.Qc2+ Kd6 32.Qxh7 Qa1+ 33.Kg2 Qxa4 34.Qxg7 Qe4+ 35.f3 Qe2+
36.Kh3 Qxf3 37.Qg6+ Kc5 38.Qc2+ Kb4 39.Qd2+ Kb5 40.Qb2+ Ka6 41.Qc1 Qh5+ 42.Kg2 Qe2+
43.Kh3 Qc4 44.Qa3 a4 45.Qd6+ Kb5 46.g4 Qb3+ 47.Kh4 a3 48.Qb8+ Kc4 49.Qc7+ Kd3
50.Qg3+ Kc2 51.Qf2+ Kb1 52.Qe1+ Kb2 53.Qd2+ Qc2 54.Qxd5 a2 55.Qe5+ Qc3 56.Qe2+ Kb3
57.Qe6+ Qc4 58.Qe3+ Kc2 59.Qf2+ Kd1 60.Qb2 Qc2 61.Qa1+ Ke2 62.Kg3 Qd2 63.Kh3 Kf3
64.Qf6+ Qf4 65.Qc6+ Qe4 66.Qf6+ Ke3 67.Qb6+ Kf3 68.Qf6+ Qf4 69.Qc6+ Ke2 70.Qa6+ Kf3
71.Qf1+ Ke3 72.Qc1+ Kf3 73.Qf1+ Ke3  1/2-1/2

[Event "RUS vs. ROW"]
[Site "Moscow RUS"]
[Date "2002.09.08"]
[Round "2"]
[White "Kasparov,G"]
[Black "Leko,P"]
[Result "1/2-1/2"]
[WhiteElo "2838"]
[BlackElo "2722"]

1.e4 c5 2.Nf3 Nc6 3.Nc3 e5 4.Bc4 d6 5.d3 Be7 6.Nd2 Bg5 7.h4 Bxd2+ 8.Bxd2 Nf6
9.Bg5 h6 10.Bxf6 Qxf6 11.Nd5 Qd8 12.Ne3 Be6 13.Bxe6 fxe6 14.Qh5+ Kd7 15.c3 Rf8
16.a3 Qf6 17.Qe2 Rf7 18.b4 b6 19.Ra2 Ke8 20.Rh3 Kf8 21.Qh5 Qe7 22.Rg3 Rd8
23.bxc5 dxc5 24.Nc4 Rf4 25.Rh3 Qf6 26.a4 Kg8 27.Re2 Rf8 28.Ree3 Kh7 29.Ref3 g6
30.Qg5 Rxf3 31.gxf3 hxg5 32.hxg5+ Kg7 33.gxf6+ Rxf6 34.Ke2 Rf8 35.Ke3 g5
36.Rh5 Kg8 37.Rh1 Rb8 38.Rb1 Kf7 39.Ke2 Ne7 40.Ne3 Ng6 41.Ng4 Kg7 42.Ke3 a6
43.d4 a5 44.Rh1 Rh8 45.Rxh8  1/2-1/2

[Event "Olympiad"]
[Site "Bled SLO"]
[Date "2002.10.29"]
[Round "4"]
[White "Kasparov,G"]
[Black "Mchedlishvili,M"]
[Result "1-0"]
[WhiteElo "2838"]
[BlackElo "2551"]

1.e4 c5 2.Nf3 d6 3.d4 Nf6 4.Nc3 cxd4 5.Nxd4 Nc6 6.Bg5 e6 7.Qd2 Qb6 8.O-O-O Qxd4
9.Qxd4 Nxd4 10.Rxd4 a6 11.f3 Bd7 12.Na4 Bc6 13.Nb6 Rd8 14.Nc4 Be7 15.Na5 Rc8
16.Rb4 d5 17.Nxc6 bxc6 18.Rb7 Nd7 19.Bd2 Ra8 20.Rc7 Ne5 21.Bc3 Bd6 22.Bxe5 Bxe5
23.Rxc6 dxe4 24.Rxa6 Rxa6 25.Bxa6 exf3 26.gxf3 Ke7 27.a4 Rd8 28.h3 Rd4 29.Bb5 Rf4
30.Rd1 Rxf3 31.a5 Rf5 32.Rd7+ Kf6 33.Rb7 Bf4+ 34.Kb1 Be3 35.a6 Rd5 36.b4 Rd8
37.c4  1-0

[Event "ZMD Blitz"]
[Site "Munich GER"]
[Date "2002.11.13"]
[Round "3"]
[White "Paehtz,E"]
[Black "Kasparov,G"]
[Result "0-1"]
[WhiteElo "2349"]
[BlackElo "2838"]

1.e4 c5 2.Nf3 e6 3.d4 cxd4 4.Nxd4 a6 5.Nc3 Qc7 6.Bd3 Nf6 7.O-O b5 8.a4 b4
9.Na2 Bb7 10.Qe2 Bd6 11.Kh1 Nc6 12.Nxc6 Qxc6 13.f3 Qc7 14.Bd2 a5 15.c3 b3
16.Nc1 Bxh2 17.f4 Bg3 18.Qf3 Bh4 19.Qh3 Nxe4 20.Bxe4 Bxe4 21.Qxh4 Qc4 22.Qf2 h5
23.Re1 Bb7 24.Qe2 Qd5 25.c4 Qf5 26.Ra3 Rh6 27.Rxb3 Bc6 28.Qf2 h4 29.Kh2 Rg6
30.Rg1 Qc2 31.Be3 Qxc4 32.Rc3 Qe4 33.Ne2 Rb8 34.Nd4 Bd5 35.Nb5 Kf8 36.Bc5+ Kg8
37.b3 Bc6 38.Re3 Qd5 39.Be7 Rg4 40.Bxh4 Bxb5 41.axb5 Rxb5 42.Be7 Qd4 43.Qf3 Rh4+
44.Qh3 Qxf4+  0-1